000 002660000a22000970004500
100 1 _aHill, Jo
245 1 0 _aDiamonds on the inside : India's least likely women are reforming community healthcare
300 _a(2004), Páginas 4-9
773 0 _tTeartimes
942 _cANA
999 _c56070
_d56070